000 01800cam a22003734a 4500
001 14947352
003 OSt
005 20260310115511.0
008 070731s2007 ilu b 000 0 eng
010 _a 2007031446
020 _a9780830810871
_qpbk. : alk. paper
020 _a0830810870
_qpbk. : alk. paper
035 _a14947352
035 _a(OCoLC)163603942
040 _aDLC
_cDLC
_dDLC
050 0 0 _aBV4511
_b.O33 2007
082 0 0 _a248.4071
_222
100 1 _aOgden, Greg.
245 1 0 _aDiscipleship essentials :
_ba guide to building your life in Christ /
_cGreg Ogden.
250 _aExpanded ed.
260 _aDowners Grove, Ill. :
_bIVP Connect,
_cc2007.
300 _a232 p. ;
_c26 cm.
336 _atext
_btxt
_2rdacontent
337 _aunmediated
_bn
_2rdamedia
338 _avolume
_bnc
_2rdacarrier
504 _aIncludes bibliographical references.
505 0 _aGrowing up in Christ -- Making disciples -- Being a disciple -- Quiet time -- Bible study -- Prayer -- Worship -- Understanding the message of Christ -- The three-person God -- Made in God's image -- Sin -- Grace -- Redemption -- Justification -- Adoption -- Becoming like Christ -- Filled with the Holy Spirit -- Fruit of the Holy Spirit -- Trust -- Love -- Justice -- Witness -- Serving Christ -- The church -- Ministry gifts -- Spiritual warfare -- Walking in obedience -- Sharing the wealth -- Money.
650 0 _aChristian life
_xStudy and teaching.
856 4 1 _3Table of contents only
_uhttp://www.loc.gov/catdir/toc/ecip0724/2007031446.html
906 _a7
_bcbc
_corignew
_d1
_eecip
_f20
_gy-gencatlg
942 _2lcc
_cBK
999 _c21330
_d21329